| 000 -LEADER |
| fixed length control field |
00492nam a22001697a 4500 |
| 005 - DATE AND TIME OF LATEST TRANSACTION |
| control field |
20250204111850.0 |
| 008 - FIXED-LENGTH DATA ELEMENTS--GENERAL INFORMATION |
| fixed length control field |
250204b ||||| |||| 00| 0 eng d |
| 020 ## - INTERNATIONAL STANDARD BOOK NUMBER |
| International Standard Book Number |
9789812331588 |
| 040 ## - CATALOGING SOURCE |
| Transcribing agency |
KH8 |
| 082 ## - DEWEY DECIMAL CLASSIFICATION NUMBER |
| Classification number |
800 |
| 100 ## - MAIN ENTRY--PERSONAL NAME |
| Personal name |
STERLING,PUBLICATIONS |
| Relator term |
PUBLISHER |
| 245 ## - TITLE STATEMENT |
| Title |
BRUNO GETS LOST |
| 260 ## - PUBLICATION, DISTRIBUTION, ETC. |
| Place of publication, distribution, etc. |
PANDAN LOOP |
| Name of publisher, distributor, etc. |
STERLING PUBLICATIONS |
| Date of publication, distribution, etc. |
JUNE 1 2002 |
| 300 ## - PHYSICAL DESCRIPTION |
| Extent |
17CM |
| Other physical details |
COLOUR ILLUSTRATION |
| Dimensions |
7.87 x 5.51 x 1.57 inches |
| 650 ## - SUBJECT ADDED ENTRY--TOPICAL TERM |
| Source of heading or term |
ADVENTURE |
| Topical term or geographic name entry element |
JUVENILE LITERATURE |
| 942 ## - ADDED ENTRY ELEMENTS (KOHA) |
| Source of classification or shelving scheme |
|
| Koha item type |
Books - Fiction |